Statistics for Name a U.S. State Capital A-Z

Click here to take the quiz!

General Stats

  • This quiz has been taken 44 times
  • The average score is 15 of 16

Answer Stats

Letter Capital % Correct
AAlbany | Annapolis | Atlanta | Augusta | Austin
100%
BBaton Rouge | Bismark | Boise | Boston
100%
SSacramento | St. Paul | Salem |
Salt Lake City | Santa Fe | Springfield
100%
DDenver | Des Moines | Dover
98%
JJackson | Jefferson City | Juneau
98%
HHarrisburg | Hartford | Helena | Honolulu
95%
IIndianapolis
95%
LLansing | Lincoln | Little Rock
95%
OOklahoma City | Olympia
95%
PPhoenix | Pierre | Providence
95%
TTallahassee | Tokepa | Trenton
95%
CCarson City | Charleston | Cheyenne |
Columbia | Columbus | Concord
93%
RRaleigh | Richmond
93%
MMadison | Montgomery | Montpelier
90%
NNashville
79%
FFrankfort
76%

Score Distribution

Percentile by Number Answered

Percent of People with Each Score

Your Score History

You have not taken this quiz